000 00379nam a2200145 4500
999 _c9470
_d9470
003 OSt
005 20210624140803.0
008 210624b ||||| |||| 00| 0 eng d
020 _a9780486451046
082 _a728.3730223
100 _dHenry L wilson
245 _aThe bungalow book /floor plans and photos 112 houses -1910
260 _aNew York
_bDover publishing
942 _2ddc